00330nam a2200109Ia 4500008004100000041000800041100001700049245005800066260005200124300000800176700003600184250110s9999 xx 000 0 und d aeng aKolhe Sayali aAn Abode Of Hillscapes In Urban Fringe Of Nashik City bBNCA M Arch Landscapes Architecture, Punec2021 a51p aGuide Name:Sahasrtabuddhe Swati